• 首页
  • 本馆介绍
  • 公告通知
  • 最新文献
  • 馆藏检索
  • 电子资源
  • 读者导购
  • 参考咨询
  • 我的图书馆
  • 登录
  • 详细信息显示
  • 放入我的书架
  • 预约/预借图书
  • 作者相关作品
  • 分类相关作品
  • 丛书相关作品
  • 出版社相关作品

书目信息

  • 表格格式
  • 工作单格式
  • 卡片格式
题名:
师范大学教育学院发展转型研究
    
 
作者: 闫建璋 著
分册:  
出版信息: 北京   中国文史出版社  2014
页数: 239页
开本: 24cm
丛书名:
单 册:
中图分类: G658.3
科图分类:
主题词: 师范大学--学校管理--研究--中国
电子资源:
ISBN: 978-7-5034-4400-5
000 01376nam0 2200253 450
001 338310
005 20150601165912.62
010    @a978-7-5034-4400-5@dCNY46.00
100    @a20140509d2014 em y0chiy50 ea
101 0  @achi
102    @aCN@b110000
105    @ay z 000yy
106    @ar
200 1  @a师范大学教育学院发展转型研究@Ashi fan da xue jiao yu xue yuan fa zhan zhuan xing yan jiu@d= Transitional development of college education of normal university in China@f闫建璋著@zeng
210    @a北京@c中国文史出版社@d2014
215    @a239页@d24cm
300    @a本书出版获教育部人文社会科学研究《我国师范大学教育学院发展转型研究》项目资助 山西师范大学美术著作出版基金资助
330    @a随着教师教育逐步从封闭走向开放, 师范大学举全校之力办教师教育的局面被打破, 教师教育的重心将逐步下移至专业的教育学院, 由其进行专门的教师培养, 从而实现教师教育的教育学院化。我国目前师范大学教育学院多属于“小”教育学院, 在人才培养、科学研究、社会服务的过程中仍然存在诸多问题, 出现了合法性危机。本书研究结论认为化解之策就是从“小”教育学院走向“大”教育学院, 并逐步成为人才培养基地、教育研究中心与社会服务轴心。
510 1  @aTransitional development of college education of normal university in China@zeng
606 0  @a师范大学@x学校管理@x研究@y中国
690    @aG658.3@v5
701  0 @a闫建璋@Ayan jian zhang@4著
801  0 @aCN@b卓展宏图@c20150525
905    @dG658.3@e103@f4
    
    师范大学教育学院发展转型研究= Transitional development of college education of normal university in China/闫建璋著.-北京:中国文史出版社,2014
    239页;24cm
    本书出版获教育部人文社会科学研究《我国师范大学教育学院发展转型研究》项目资助 山西师范大学美术著作出版基金资助
    
    ISBN 978-7-5034-4400-5:CNY46.00
    随着教师教育逐步从封闭走向开放, 师范大学举全校之力办教师教育的局面被打破, 教师教育的重心将逐步下移至专业的教育学院, 由其进行专门的教师培养, 从而实现教师教育的教育学院化。我国目前师范大学教育学院多属于“小”教育学院, 在人才培养、科学研究、社会服务的过程中仍然存在诸多问题, 出现了合法性危机。本书研究结论认为化解之策就是从“小”教育学院走向“大”教育学院, 并逐步成为人才培养基地、教育研究中心与社会服务轴心。
●
相关链接 在E读中查询图书 在五车中查询图书 在当当中查询图书 在豆瓣中查询图书


正题名:师范大学教育学院发展转型研究     索取号:G658.3/103         预约/预借

序号 登录号 条形码 馆藏地/架位号 状态 备注
1 861671   208616719   第一样本阅览室/ [索取号:G658.3/103] 在馆    
2 861672   208616728   教育系资料室/ [索取号:G658.3/103] 在馆    
3 861673   208616737   第四借阅区/ [索取号:G658.3/103] 在馆    
4 861674   208616746   第四借阅区/ [索取号:G658.3/103] 在馆    
唐山师范学院图书馆 欢迎您!
大连网信软件有限公司© 版权所有